History Quiz

Random History or Decade Quiz

Modern History: 2000-2015 Quiz Stats

 Plays Quiz not verified by Sporcle

Challenge
Share
Tweet
Embed
Score 0/35 Timer 07:00
0 Plays Today
% Correct
2014
59.5%
2001
59.1%
2016
50.8%
2016
50.8%
2014
48.9%
2012
48.6%
2013
47.5%
2001
46.1%
2011
46%
2013
44.7%
2009
42.7%
2009
39.5%
2012
39.3%
2004
35.1%
2004
34.6%
2011
33.4%
2003
29.1%
2007
28.5%
% Correct
2017
27.9%
2010
27.4%
2002
25.1%
2005
24.3%
2000
23.9%
2007
23.5%
2008
22.3%
2000
21.8%
2010
20.6%
2002
19.6%
2003
18.7%
2008
18%
2006
15.9%
2005
11.8%
2006
10.5%
2015
8.6%
2015
6.6%

You're not logged in!

Compare scores with friends on all Sporcle quizzes.
OR
Log In

You Might Also Like...

Show Comments

Extras

Curator's Pick Jul 3, 2013ReportNominate
Tags:Century Quiz, Decade Quiz, Year Quiz, date, modern

Top Quizzes Today


Score Distribution

Your Account Isn't Verified!

In order to create a playlist on Sporcle, you need to verify the email address you used during registration. Go to your Sporcle Settings to finish the process.

Report this User

Report this user for behavior that violates our Community Guidelines.

Details: